000 01115nam a2200217 i 4500
001 153353
003 ES-MaACL
005 20230906205204.0
008 990421s1864 cu s |||| | spa d
040 _aM-RACM
_bspa
_cM-RACM
_dCCPB | B
110 1 _aCuba.
_bMinisterio de Hacienda.
_9134313
245 1 0 _aNoticias estadísticas de la Isla de Cuba en 1862 /
_cdispuestas y publicadas por el centro de estadística conforme a órdenes e instrucciones del intendente de Hacienda Conde Armildez de Toledo.
260 _aHabana :
_b[s.n.],
_c1864 (
_fImprenta del gobierno, Capitania General y Real Hacienda)
300 _a[6, 78, 12] h. ;
_c41 cm.
530 _aDisponible en formato digital.
597 _aTexto enmarcado.
651 4 _aCuba-
_xEstadísticas.
_9137104
700 1 _aArmildez de Toledo,
_cConde.
_9165587
852 _aES-MaACL
_jG-4403
_z-- Enc. tela
_z-- Enc. con [4] p. de la Intendencia General de Real Hacienda de Cuba, de 1868 y [1] h. pleg. de Real Orden del Ministerio de Ultramar de 1867
856 _uhttp://bdh-rd.bne.es/viewer.vm?id=0000204775&page=1
_zBiblioteca Digital Hispánica
999 _c153353
_d153353